Toán chọn lọc cấp 1
保存先:
| 第一著者: | |
|---|---|
| その他の著者: | , |
| フォーマット: | 図書 |
| 出版事項: |
H.
Giáo dục
1980
|
| 主題: | |
| タグ: |
タグ追加
タグなし, このレコードへの初めてのタグを付けませんか!
|
| Thư viện lưu trữ: | Trung tâm Học liệu Lê Vũ Hùng, Trường Đại học Đồng Tháp |
|---|
| LEADER | 00727pam a22002178a 4500 | ||
|---|---|---|---|
| 001 | 00016931 | ||
| 005 | 20171026081022.0 | ||
| 008 | 110415s1980 ||||||Viesd | ||
| 041 | 0 | # | |a Vie |
| 082 | 1 | 4 | |a 372.72 |b T406CH |
| 100 | 0 | # | |a Đỗ Trung Hiệu |e Chủ biên |
| 245 | 0 | 0 | |a Toán chọn lọc cấp 1 |c Đỗ Trung Hiệu, Nguyễn Khắc An, Vũ Hoàng Lâm |
| 260 | # | # | |a H. |b Giáo dục |c 1980 |
| 300 | # | # | |a 147 tr. |c 21 cm. |
| 650 | # | 4 | |a Toán tiểu học |
| 700 | 0 | # | |a Nguyễn Khắc An |
| 700 | 0 | # | |a Vũ Hoàng Lâm |
| 852 | # | # | |b Kho đọc |j KD.0002248 |
| 852 | # | # | |j KD.0002248 |
| 910 | |d 15/04/2011 | ||
| 980 | # | # | |a Trung tâm Học liệu Lê Vũ Hùng, Trường Đại học Đồng Tháp |